000 00953nam a22003017a 4500
003 DO-SdBPM
005 20251114113724.0
007 ta
008 151118b1990 sp || |||| 00| 0 spa d
020 _a8434827174
040 _aBPMSU
_bspa
_cBPMSU
082 4 _a863.6
_bS572b 1990
_222
100 1 _aSierra i Fabra, Jordi,
_d1947-
_eautor
_948
245 1 0 _aBenezén el pescador /
_cJordi Sierra i Fabra ; ilustraciones Toño Benavides.
250 _a2a ed.
260 _a
_b
_c
264 _aMadrid :
_bEdiciones SM,,
_c1990
300 _a124 páginas
_bilustraciones ;
_c17 cm.
336 _atexto
_btxt
_2rdacontent
337 _asin mediación
_bn
_2rdamedia
338 _avolumen
_bnc
_2rdacarrier
490 0 _aCatamarán,
_v11
590 _aInventariado, 2025/VM
650 7 _aCuentos infantiles españoles.
700 1 _aBenavides, Toño,
_eilustraciones
910 _aVMateo V. Control de calidad. BPMSU
942 _2ddc
_cBK
999 _c8789
_d8789